Score 0/10 Timer 01:00
3 Plays Today
Clue 4-Letter Word % Correct
Algebra or topologyMATH
92.8%
Pole that holds up a ship's sailsMAST
90.9%
1974 winner for Outstanding Comedy SeriesM*A*S*H
86.9%
A life partnerMATE
86.8%
Create or cause to happenMAKE
77.5%
A sushi rollMAKI
50.4%
Actor Donny of 'Happy Days'MOST
48.8%
A very long dress or coatMAXI
43%
1979-1981 winner for Outstanding Comedy SeriesTAXI
37.9%
2005 winner for Outstanding Drama Series LOST
37.6%

Today's Daily Dose

Missing Word
'T' Pairs

Word Ladder
Game Pieces

Get the Picture
Baseball Movies

Remove Ads.
Support Sporcle.
Get the best of Sporcle when you Go Orange. This ad-free experience offers more features, more stats, and more fun while also helping to support Sporcle. Thank you for becoming a member.

You're not logged in!

Compare scores with friends on all Sporcle quizzes.
OR
Log In

Show Comments

Extras

Top Quizzes Today


Score Distribution

Your Account Isn't Verified!

In order to create a playlist on Sporcle, you need to verify the email address you used during registration. Go to your Sporcle Settings to finish the process.

Report this User

Report this user for behavior that violates our Community Guidelines.

Details: